000 00523nam a2200169 a 4500
001 000045695
005 20201002052407.0
008 150428s2003 bl ac 000 0 spa d
020 _a8585663820
040 _aDO-SdBNP
_bspa
_cBNPHU
082 _axxxx
_bxxxx
100 1 _aBorges, Dirceu
_973753
245 1 0 _aO que Você vai fazer em dezembro? /
_cDirceu Borges.
260 _aSao Paulo, Brasil :
_bPeiropólis,
_c2003.
300 _a157 p. :
_bil. ;
_c21 cm.
500 _aIncluye datos biográficos del autor en las solapas.
999 _c45184
_d45184